Online katalóg knižníc regiónu Turca

Keď láska čaká (Record no. 21990)

MARC details
000 -LEADER
fixed length control field 01822cam a2200481 a 4500
001 - CONTROL NUMBER
control field 21990
003 - CONTROL NUMBER IDENTIFIER
control field VRT
005 - DATE AND TIME OF LATEST TRANSACTION
control field 20260317101717.0
008 - FIXED-LENGTH DATA ELEMENTS--GENERAL INFORMATION
fixed length control field 240318s1997 xo gr 000 f slo
015 ## - NATIONAL BIBLIOGRAPHY NUMBER
National bibliography number SNBA1997/1203683
020 ## - INTERNATIONAL STANDARD BOOK NUMBER
International Standard Book Number 8071184462
035 ## - SYSTEM CONTROL NUMBER
System control number SNK000251815
035 ## - SYSTEM CONTROL NUMBER
System control number urn:nbn:sk:snk-amkgp6
035 ## - SYSTEM CONTROL NUMBER
System control number urn:nbn:sk:snk-am002yp3
035 ## - SYSTEM CONTROL NUMBER
System control number F4259801-5ECF-422D-9903-E3316D60375B
039 #9 - LEVEL OF BIBLIOGRAPHIC CONTROL AND CODING DETAIL [OBSOLETE]
Level of rules in bibliographic description 202411131014
Level of effort used to assign nonsubject heading access points msnk123
Level of effort used to assign subject headings 202411131013
Level of effort used to assign classification msnk123
Level of effort used to assign subject headings 202403181832
Level of effort used to assign classification VLOAD
Level of effort used to assign subject headings 202402261840
Level of effort used to assign classification VLOAD
040 ## - CATALOGING SOURCE
Original cataloging agency SNK
Language of cataloging slo
Transcribing agency SNK
Description conventions AACR2
041 1# - LANGUAGE CODE
Language code of text/sound track or separate title slo
Language code of original eng
044 ## - COUNTRY OF PUBLISHING/PRODUCING ENTITY CODE
MARC country code xo
ISO country code SK
072 #7 - SUBJECT CATEGORY CODE
Subject category code 821.111(73)-3
Subject category code subdivision Americká próza
Source konspekt
080 ## - UNIVERSAL DECIMAL CLASSIFICATION NUMBER
Universal Decimal Classification number 820 (73)-3
080 ## - UNIVERSAL DECIMAL CLASSIFICATION NUMBER
Universal Decimal Classification number (0:82-312.5)
Edition identifier 2011
080 ## - UNIVERSAL DECIMAL CLASSIFICATION NUMBER
Universal Decimal Classification number 821.111(73)-31
Edition identifier 2011
100 1# - MAIN ENTRY--PERSONAL NAME
Personal name Lindsey, Johana,
Dates associated with a name 1952-2017
Relationship aut
240 10 - UNIFORM TITLE
Uniform title When love awaits
Language of a work Slovensky
245 10 - TITLE STATEMENT
Title Keď láska čaká
Statement of responsibility, etc. Johanna Lindseyová ; [z anglického originálu preložila Alena Redlingerová]
260 ## - PUBLICATION, DISTRIBUTION, ETC.
Place of publication, distribution, etc. Bratislava
Name of publisher, distributor, etc. Ikar
Date of publication, distribution, etc. 1997
300 ## - PHYSICAL DESCRIPTION
Extent 196 s.
Dimensions 21 cm
500 ## - GENERAL NOTE
General note Údaj o prekl. prevzatý z rubu tit. strany
655 #7 - INDEX TERM--GENRE/FORM
Genre/form data or focus term americké romány
Source of term SNKPH
655 #7 - INDEX TERM--GENRE/FORM
Genre/form data or focus term ľúbostné romány
Source of term SNKPH
700 1# - ADDED ENTRY--PERSONAL NAME
Personal name Redlingerová, Alena,
Dates associated with a name 1946-
Relationship trl
911 ## - EQUIVALENCE OR CROSS-REFERENCE-CONFERENCE OR MEETING NAME [LOCAL, CANADA]
Meeting name or jurisdiction name as entry element KN 1997/12
Number [OBSOLETE] 03683
942 ## - ADDED ENTRY ELEMENTS (KOHA)
Source of classification or shelving scheme Dewey Decimal Classification
Koha item type Krásna literatúra pre dospelých
Suppress in OPAC No
949 ## - LOCAL PROCESSING INFORMATION (OCLC)
9 P60, <09>, [BOOK], {629}
a snkC 2019
b snk4025/970821
949 ## - LOCAL PROCESSING INFORMATION (OCLC)
6 17A0088656
9 P60, <03>, [BOOK], {603}
a snkSC 93994
b snkKSP 9266/97
s 6100:20140925
949 ## - LOCAL PROCESSING INFORMATION (OCLC)
6 17A0088785
9 P60, <04>, [BOOK], {604}
a snkSC 93994 D1
b snkKSP 9350/97
949 ## - LOCAL PROCESSING INFORMATION (OCLC)
6 4710700832
a strmkB
b strmk2008/832
949 ## - LOCAL PROCESSING INFORMATION (OCLC)
6 270001000000206
a svkbbA 95072
b svkbbm 613825
949 ## - LOCAL PROCESSING INFORMATION (OCLC)
6 273K0189623
a svkpoA 171121
b svkpo426258
q Poškodená väzba
r Poškodená väzba
Holdings
Stav vyradenia Strata Poškodenie Spôsob nadobudnutia Domovská knižnica Aktuálna knižnica Dátum nadobudnutia Total checkouts Čiarový kód exemplára Date last seen Typ exemplára
      Dar Obecná knižnica Horná Štubňa Obecná knižnica Horná Štubňa 20.03.2026   9788071184461 20.03.2026 Krásna literatúra pre dospelých
      Dar Obecná knižnica Turčianska Štiavnička Obecná knižnica Turčianska Štiavnička 17.03.2026   4738000472 17.03.2026 Krásna literatúra pre dospelých
Projekt je podporený Slovenskou asociáciou knižníc
Prevádzkuje Turčianska knižnica Martin 2026